Yuvak mandals : a study on the working of select mandals in five states (Record no. 358374)
[ view plain ]
| 000 -LEADER | |
|---|---|
| fixed length control field | 003640000a22001330004500 |
| 060 ## - NATIONAL LIBRARY OF MEDICINE CALL NUMBER | |
| Classification number | 100 |
| 082 ## - DEWEY DECIMAL CLASSIFICATION NUMBER | |
| Classification number | 361.763 JAI |
| 100 ## - MAIN ENTRY--PERSONAL NAME | |
| Personal name | Jain, S P |
| 100 ## - MAIN ENTRY--PERSONAL NAME | |
| Personal name | krishnamurthy, Reddy v |
| 245 ## - TITLE STATEMENT | |
| Title | Yuvak mandals : a study on the working of select mandals in five states |
| 260 ## - PUBLICATION, DISTRIBUTION, ETC. (IMPRINT) | |
| Place of publication, distribution, etc. | Hyderabad, National institute of rural development |
| 300 ## - PHYSICAL DESCRIPTION | |
| Extent | 123 |
| 942 ## - ADDED ENTRY ELEMENTS (KOHA) | |
| Koha item type | Books (General) |
| Withdrawn status | Lost status | Damaged status | Not for loan | Home library | Current library | Date acquired | Total Checkouts | Full call number | Barcode | Date last seen | Price effective from | Koha item type |
|---|---|---|---|---|---|---|---|---|---|---|---|---|
| College of Agriculture, Vellayani | College of Agriculture, Vellayani | 02/05/2014 | 361.763 JAI | KAU_COAV-19221 | 02/05/2014 | 02/05/2014 | Books (General) |
